| 000 | 01474nem0a2200337 4500 | ||
|---|---|---|---|
| 001 | RU\NLR\cart\8626 | ||
| 005 | 20250614031316.0 | ||
| 035 | _a(NLR Aleph) 010296199 | ||
| 090 |
_a10571851 _c10571851 |
||
| 100 | _a20130815d1924 |||y0rusy50 ca | ||
| 101 | 0 | _arus | |
| 102 | _aRU | ||
| 120 | _abyy xx|| | ||
| 123 | 1 |
_aa _b4 200 000 |
|
| 135 | _acrcn 024anaba | ||
| 200 | 1 |
_aСхема распределения растительности Омской губ. _bКарты |
|
| 206 | _a[1:4 200 000, 42 км в 1 см], Граф. м-б в верстах | ||
| 210 |
_aОмск _cЛитограф военно-топограф. отд. _d1924 |
||
| 215 |
_a1 к. _c1 цв. _d33х23 см |
||
| 300 | _aК статье В.Ф. Семенова "Краткий очерк растит. Омской губ." | ||
| 325 | 1 | _aКопия доступна в электронной библиотеке РНБ | |
| 509 | 0 | 1 |
_7ca _aОмская губерния _92635180 _3RU\NLR\auth_crt\552012 |
| 606 | 0 |
_aГеоботанические _92177917 _3RU\NLR\auth_crt\6693 |
|
| 620 | _aРоссия | ||
| 801 | 0 |
_aRU _bNLR _c20130815 _gPSBO |
|
| 852 |
_aNLR _bК _j4-Об 1/34 _m906 _t907 |
||
| 901 | _eКартографические материалы | ||
| 942 | _cMAP | ||
| 980 | _aNB | ||
| 981 | 1 | 9 | _a(19) Картографические материалы |